| 000 | 01572cam a22003614a 4500 | ||
|---|---|---|---|
| 999 |
_c9251 _d9251 |
||
| 001 | 14322539 | ||
| 003 | GBCCL | ||
| 005 | 20241126110708.0 | ||
| 008 | 060330s2006 ilu b 001 0 eng | ||
| 010 | _a 2006008159 | ||
| 020 | _a1581347340 | ||
| 020 | _a9781581347340 | ||
| 020 | _a9781581347340 | ||
| 035 | _a(OCoLC)ocm65537846 | ||
| 035 | _a(OCoLC)65537846 | ||
| 040 |
_aDLC _cDLC _dIG# _dBAKER _dABF _dCBC _dBTCTA _dYDXCP _dDLC |
||
| 042 | _apcc | ||
| 050 | 0 | 0 |
_aBS680.W7 _bG75 2006 |
| 082 | 0 | 0 |
_a270.82082 _222 _bGRU |
| 100 | 1 |
_aGrudem, Wayne A. _91981 |
|
| 245 | 1 | 0 |
_aEvangelical feminism : _ba new path to liberalism? / _cWayne Grudem. |
| 260 |
_aWheaton, Ill. : _bCrossway Books, _cc2006. |
||
| 300 |
_a272 p. ; _c22 cm. |
||
| 504 | _aIncludes bibliographical references and index. | ||
| 505 | 0 | _apt. 1. Some paths to liberalism in recent history -- pt. 2. Evangelical feminist views that undermine or deny the authority of Scripture -- pt. 3. Evangelical feminist views based on untruthful or unsubstantiated claims -- pt. 4. Where is evangelical feminism taking us? | |
| 650 | 0 |
_aBible and feminism. _916080 |
|
| 650 | 0 |
_aEvangelicalism. _9178 |
|
| 856 | 4 | 1 |
_3Table of contents only _uhttp://www.loc.gov/catdir/toc/ecip0610/2006008159.html |
| 856 | 4 | 2 |
_3Publisher description _uhttp://www.loc.gov/catdir/enhancements/fy0912/2006008159-d.html |
| 906 |
_a7 _bcbc _corignew _d1 _eecip _f20 _gy-gencatlg |
||
| 942 |
_2ddc _cBK _01 |
||